| 000 | 00369nam a22001577a 4500 | ||
|---|---|---|---|
| 003 | SGT | ||
| 020 | _a9788173197192 | ||
| 082 | _a547,BRA | ||
| 100 | _aBRAHMACHARI,GAUTAM | ||
| 245 | _aORGANIC NAME REACTIONS: A UNIFIED APPROACH | ||
| 250 | _a2ND | ||
| 260 |
_aNEW DELHI _bNAROSA PUBLICATION _c2015 |
||
| 300 | _a749 | ||
| 650 | _aORGANIC CHEMISTRY | ||
| 942 |
_2ddc _cFPS |
||
| 999 |
_c9848 _d9848 |
||